| Tag |
First Indicator |
Second Indicator |
Subfields |
| LEADER |
00000cam a2200000Ii 4500 |
| 001 |
in00000041594 |
| 005 |
20220104090814.0 |
| 008 |
800612s1979 txu bm 000 0 eng d |
| 035 |
|
|
|9 AAF1844AM
|
| 035 |
|
|
|a (OCoLC)06411883
|
| 035 |
|
|
|a (OCoLC)6411883
|
| 035 |
|
|
|a (OCoLC)ocm06411883
|
| 040 |
|
|
|a TXA
|b eng
|c TXA
|d OCLCQ
|d OCLCF
|d OCLCQ
|d OCLCO
|d UtOrBLW
|
| 049 |
|
|
|a TXAM
|
| 099 |
|
|
|a 1979
|a Dissertation
|a F794
|
| 100 |
1 |
|
|a Fox, Theodore Eric.
|
| 245 |
1 |
0 |
|a Physical and cultural properties of cedar mulch amended growth media affecting container grown ornamental plants.
|
| 264 |
|
1 |
|a [College Station, Tex.] :
|b Fox,
|c 1979.
|
| 300 |
|
|
|a ix, 76 leaves ;
|c 29 c
|
| 336 |
|
|
|a text
|b txt
|2 rdacontent
|
| 337 |
|
|
|a unmediated
|b n
|2 rdamedia
|
| 338 |
|
|
|a volume
|b nc
|2 rdacarrier
|
| 500 |
|
|
|a "Major subject: Horticulture."
|
| 500 |
|
|
|a Vita.
|
| 502 |
|
|
|c Texas A & M University
|
| 504 |
|
|
|a Includes bibliographical references (leaves 72-75).
|
| 520 |
3 |
|
|a Shredded heartwood of the eastern redcedar tree (Juniperus virginiana L.) is produced as a by-product of a cedar oil extraction process. This fibrous residue is marketer as a landscape mulch and soil conditioner. Plant growth studies and laboratory analyses were conducted to evaluate the mulch as an organic ingredient of soilless growth media for use in production of container grown plants. Physical property determination indicated that cedar mulch has a low water holding capacity and, under certain conditions, can increase mix aeration porosity. Media stability is improved by the inclusion of cedar mulch which resists decomposition and the attendant reduction in bulk volume. Chemical analyses indicated that cedar mulch is slightly acidic, and low in soluble salt content. Plant growth experiments demonstrated that the mulch may possibly contain plant growth inhibitors, however, the inhibitory effects were not expressed when the mulch was composted and leached prior to its use in growth media. Tomato and geranium plants grown in mixes containing large proportions of cedar mulch exhibited foliar chlorosis; however, the disorder was readily corrected by supplemental Fe treatments. Mixes containing cedar mulch were successfully used for seed germination and vegetative propagation. Growth media containing up to 50% cedar mulch are recommended for container plant production provided that they contain suitable materials to provide adequate water holding capacity.
|
| 650 |
|
0 |
|a Cedar.
|0 http://id.loc.gov/authorities/subjects/sh85021595
|
| 650 |
|
0 |
|a Container gardening.
|0 http://id.loc.gov/authorities/subjects/sh85031512
|
| 650 |
|
0 |
|a Wood waste as mulch, soil conditioner, etc.
|0 http://id.loc.gov/authorities/subjects/sh85147915
|
| 650 |
|
4 |
|a Major horticulture.
|
| 650 |
|
7 |
|a Cedar.
|2 fast
|0 (OCoLC)fst00850032
|
| 650 |
|
7 |
|a Container gardening.
|2 fast
|0 (OCoLC)fst00876517
|
| 650 |
|
7 |
|a Wood waste as mulch, soil conditioner, etc.
|2 fast
|0 (OCoLC)fst01179450
|
| 655 |
|
7 |
|a Academic theses.
|2 lcgft
|0 http://id.loc.gov/authorities/genreForms/gf2014026039
|
| 700 |
1 |
|
|a Emino, Everett R.,
|e degree supervisor.
|
| 700 |
1 |
|
|a Larsen, J. E.,
|e degree committee member.
|
| 700 |
1 |
|
|a Milford, M. H.,
|e degree committee member.
|
| 700 |
1 |
|
|a Nightingale, A. E.,
|e degree committee member.
|
| 710 |
2 |
|
|a Texas A & M University,
|e degree granting institution.
|0 http://id.loc.gov/authorities/names/n80125885
|
| 856 |
4 |
1 |
|u http://proxy.library.tamu.edu/login?url=http://search.proquest.com/docview/287964210?accountid=7082
|z Link to ProQuest copy
|t 0
|
| 856 |
4 |
1 |
|u https://hdl.handle.net/1969.1/DISSERTATIONS-56017
|z Link to OAKTrust copy
|t 0
|
| 994 |
|
|
|a C0
|b TXA
|
| 999 |
f |
f |
|s 17af6cd3-e38c-37ba-a638-3e1034914c98
|i cbbd53e0-bbe4-35f4-986d-6e2da0c1f4a7
|t 0
|
| 952 |
f |
f |
|p noncirc
|a Texas A&M University
|b J.J. Pickle Campus
|c High Density Repository
|d Remote Storage
|t 0
|e 1979 Dissertation F794
|h Other scheme
|i unmediated -- volume
|m A14840987029
|
| 952 |
f |
f |
|a Texas A&M University
|b College Station
|c Electronic Resources
|d Available Online
|t 0
|e 1979 Dissertation F794
|h Other scheme
|
| 998 |
f |
f |
|a 1979 Dissertation F794
|t 0
|l Available Online
|
| 998 |
f |
f |
|a 1979 Dissertation F794
|t 0
|l Remote Storage
|